00865nam a22002177a 4500003000500000005001700005008004100022010001100063011001100074035001100085040000900096100005500105245013500160260004000295500006000335502010900395650001500504650001900519650004500538856006400583CHAP20220817044532.0120808s2012 mx r 00010 spa d a103572 a104544 a115234 cCHAP1 aTorre Jiménez, Roberto Antonio de Jesús de la.10aMalezas resistentes a glifosato y sus mecanismos de resistenciah[En línea]c/por Roberto Antonio de Jesus de la Torre Jiménez aChapingo, Méx. :bEl autor,c2012 aPara ver el contenido del material haga clic en la liga aTesis (Ing. Agr. Esp. en Parasitología Agrícola) -- UACH. Departamento de Parasitología Agrícola04aGlifosato.04aMalas hierbas.04aMalas hierbasxResistencia a herbicidas. 3Finding aiduhttp://10.13.5.2/tesis/115234.pdfzTeclea aqui